Vista normal
Vista MARC
Entrada Personal Name
Número de registros utilizados en: 1
001 - CONTROL NUMBER
- control field: 66567
003 - CONTROL NUMBER IDENTIFIER
- control field: OSt
005 - DATE AND TIME OF LATEST TRANSACTION
- control field: 20251105145916.0
008 - FIXED-LENGTH DATA ELEMENTS
- fixed length control field: 251105|| aca||aabn | a|a d
040 ## - CATALOGING SOURCE
- Original cataloging agency: OSt
- Transcribing agency: OSt
100 ## - HEADING--PERSONAL NAME
- Personal name: Álvarez Ellacuria, Pablo
670 ## - SOURCE DATA FOUND
- Source citation: Work cat.: (OSt)59768: Galfard, Christopher aut 66565, El universo en tu mano :